ا رد و ا د ب کی تا ر يخ مين نا لند ہ ضلع کی خد ما ت ا بتد ہ ءتا 2000ء (Record no. 76754)
[ view plain ]
| 000 -LEADER | |
|---|---|
| fixed length control field | 00839nam a22002057a 4500 |
| 005 - DATE AND TIME OF LATEST TRANSACTION | |
| control field | 20130618163754.0 |
| 010 ## - LCCN (DPL NO) | |
| LC control number | U-7021 |
| 020 ## - INTERNATIONAL STANDARD BOOK NUMBER | |
| International Standard Book Number | 9788182236448 |
| 035 ## - SYSTEM CONTROL NUMBER | |
| System control number | UR-8466 |
| 037 ## - SOURCE OF ACQUISITION | |
| Source of stock number/acquisition | DBAD/PUB |
| 082 ## - DEWEY DECIMAL CLASSIFICATION NUMBER | |
| Classification number | 840.54 |
| 100 ## - MAIN ENTRY--PERSONAL NAME | |
| Personal name | ڈ ا کٹر عشر ت آ ر اء سلطا نہ |
| 245 ## - TITLE STATEMENT | |
| Title | ا رد و ا د ب کی تا ر يخ مين نا لند ہ ضلع کی خد ما ت ا بتد ہ ءتا 2000ء |
| Statement of responsibility, etc | ڈ ا کٹر عشر ت آ ر اء سلطا نہ |
| 246 ## - VARYING FORM OF TITLE | |
| Title proper/short title | Urdu Adab ki Tareekh mai Nalanda Zila ki Khidmaat |
| Remainder of title | by Dr. Ishrat Ara Sultana |
| 260 ## - PUBLICATION, DISTRIBUTION, ETC. (IMPRINT) | |
| Place of publication, distribution, etc | Delhi |
| Name of publisher, distributor, etc | Educational Publishing House |
| Date of publication, distribution, etc | 2010 |
| 270 ## - ADDRESS | |
| Address | 3108-Vakil street ,Kucha Pandit,Lal Kuan |
| City | Delhi |
| Postal code | 110006 |
| Telephone number | 23216162,23214465 |
| 300 ## - PHYSICAL DESCRIPTION | |
| Extent | 424+48ص |
| Other physical details | 22 cm |
| 700 ## - ADDED ENTRY--PERSONAL NAME | |
| Dates associated with a name | Edited by Chanchal Singh Cheema |
| 942 ## - ADDED ENTRY ELEMENTS (KOHA) | |
| Source of classification or shelving scheme | Dewey Decimal Classification |
| Item type | Urdu Bks |
| Classification part | 840.54 |
| Call number suffix | ا ش ر |
No items available.
